[Event "Titled Tue 10th Jun Early"]
[Site "chess.com INT"]
[Date "2025.06.10"]
[Round "11"]
[White "Ter-Sahakyan, Samvel"]
[Black "Haddouche, Mohamed"]
[Result "1-0"]
[WhiteTitle "GM"]
[BlackTitle "GM"]
[WhiteElo "2611"]
[BlackElo "2490"]
[WhiteFideId "13302531"]
[BlackFideId "7900660"]
[EventDate "2025.06.10"]

1. d4 Nf6 2. c4 g6 3. Nc3 Bg7 4. e4 d6 5. Be2 O-O 6. Be3 e5 7. d5 Na6 8. h4 Nc5
9. Qc2 a5 10. h5 c6 11. h6 Bh8 12. Nf3 cxd5 13. cxd5 Bd7 14. Nxe5 Nxd5 15. Nxd5
Bxe5 16. O-O Rc8 17. Rad1 Re8 18. Qb1 Nxe4 19. Bd4 Qh4 20. Bxe5 Rxe5 21. Rd4 Bf5
22. Bf3 Rce8 23. g3 Qxh6 24. Bxe4 Rxd5 25. Ra4 Rde5 26. Bxf5 Rxf5 27. Rh4 Rh5
28. Rxh5 Qxh5 29. Qd3 Qh6 30. Qxd6 Qh5 31. Qd7 Qe5 32. Qxb7 h5 33. Qc6 Re6 34.
Qc8+ Kg7 35. Qc3 Qxc3 36. bxc3 Re2 37. Rc1 Kf6 38. c4 Ke6 39. c5 Kd7 40. a3 Rb2
41. c6+ Kc7 42. Rc5 a4 43. Rc4 Rb6 44. Rxa4 Kxc6 45. Ra7 f6 46. Rg7 g5 47. Rh7
Kd5 48. Rxh5 Ke6 49. g4 Ra6 50. Rh3 Ke5 51. Rf3 Ke4 52. Kg2 Ke5 53. Kg3 Ke4 54.
Re3+ Kd4 55. Rb3 Ke4 56. Rb4+ Ke5 57. a4 Kd5 58. f3 Ke5 59. Re4+ Kd5 60. Kf2 Rb6
61. a5 Rb2+ 62. Re2 Ra2 63. Rxa2 1-0

[Event "Titled Tue 10th Jun Early"]
[Site "chess.com INT"]
[Date "2025.06.10"]
[Round "11"]
[White "El Zein, Zayne-Eddine"]
[Black "Zaksaite, Salomeja"]
[Result "0-1"]
[WhiteTitle "CM"]
[BlackTitle "WGM"]
[WhiteElo "2194"]
[BlackElo "2133"]
[WhiteFideId "5313210"]
[BlackFideId "12801496"]
[EventDate "2025.06.10"]

1. f4 Nf6 2. Nf3 g6 3. e3 Bg7 4. b3 O-O 5. Bb2 b6 6. Be2 Bb7 7. O-O d6 8. c4 c5
9. Nc3 a6 10. Qc2 Nc6 11. Rad1 Rc8 12. d4 cxd4 13. exd4 d5 14. Ne5 dxc4 15. Nxc6
Bxc6 16. bxc4 Qd7 17. d5 Bb7 18. Qa4 Qxa4 19. Nxa4 b5 20. Bxf6 Bxf6 21. cxb5
axb5 22. Bxb5 Rc2 23. Rf2 Rfc8 24. Nb6 Rxf2 25. Kxf2 Rc2+ 26. Kf1 Rxa2 27. Nd7
Kg7 28. Bc6 Ba6+ 29. Kg1 Be2 30. Re1 Bd4+ 31. Kh1 Be3 32. d6 exd6 33. Bd5 Rd2
34. Bb3 Bxf4 35. Nb6 Rb2 36. Bc4 Bxc4 37. Nxc4 Rc2 38. Na3 Rc1 39. Rxc1 Bxc1 40.
Nc2 d5 41. Kg1 Kf6 42. Kf1 Ke5 43. Ke2 Ke4 44. Ne1 d4 45. Nd3 Be3 46. Nc5+ Kd5
47. Nd3 f5 48. Nb4+ Kc4 49. Nd3 Kc3 50. Ne5 Bf4 51. Nd3 Bxh2 52. Ne1 Be5 53. Nd3
Bd6 54. Ne1 Kc4 55. Nd3 Kc3 56. Ne1 h6 57. Nd3 g5 58. Nc1 g4 59. Nd3 f4 60. Nf2
h5 61. Ne4+ Kc2 62. Nd2 d3+ 63. Ke1 Bb4 64. Kf2 Bxd2 65. g3 fxg3+ 66. Kxg3 Be1+
67. Kf4 d2 68. Kg5 d1=Q 69. Kxh5 Qd5+ 70. Kxg4 Kd3 71. Kf4 Qf7+ 72. Kg4 Ke3 73.
Kg5 Bh4+ 74. Kg4 Qf4+ 75. Kh5 Qg5# 0-1

[Event "Titled Tue 10th Jun Early"]
[Site "chess.com INT"]
[Date "2025.06.10"]
[Round "11"]
[White "Gubatayev, Ahmet"]
[Black "Coro, Lucas"]
[Result "1-0"]
[WhiteTitle "CM"]
[BlackTitle "IM"]
[WhiteElo "2191"]
[BlackElo "2438"]
[WhiteFideId "14004526"]
[BlackFideId "147222"]
[EventDate "2025.06.10"]

1. Nf3 c5 2. c4 g6 3. g3 Bg7 4. Bg2 Nc6 5. O-O d6 6. d3 Bf5 7. Nc3 Qd7 8. Re1
Bh3 9. Bh1 h5 10. Ng5 h4 11. Nxh3 hxg3 12. Nf4 gxf2+ 13. Kxf2 Rxh2+ 14. Kg1 Rh4
15. e3 Nf6 16. Bg2 O-O-O 17. a3 Rdh8 18. Kf2 Ng4+ 19. Ke2 Rh2 20. Rg1 Nce5 21.
Kd2 Nf2 22. Qa4 Qxa4 23. Nxa4 g5 24. Ne2 Nfxd3 25. Nac3 g4 26. b3 Nxc1 27. Kxc1
Nd3+ 28. Kd2 Nf2 29. Raf1 g3 30. Bf3 Be5 31. Kc1 Nd3+ 32. Kc2 Nf2 33. Kc1 R8h4
34. Nd5 e6 35. Ndc3 a6 36. Rg2 R2h3 37. Kc2 f5 38. Rfg1 Rh2 39. Nxg3 Rxg2 40.
Rxg2 Nh3 41. Nge2 Rh8 42. Nb5 axb5 43. cxb5 Bf6 44. b4 Ng5 45. Kb3 Nxf3 46. bxc5
dxc5 47. Nf4 c4+ 48. Kxc4 Ne5+ 49. Kb4 Kd7 50. Rc2 Rc8 51. Rd2+ Ke8 52. Ka5 Be7
53. Ka4 Nc4 54. Rc2 Ra8+ 55. Kb3 Na5+ 56. Kb2 Kf7 57. Rh2 Rd8 58. Rh7+ Kf6 59.
Rh6+ Kf7 60. Rh7+ Ke8 61. Nxe6 Rd2+ 62. Kc3 Rd6 63. Ng7+ Kd8 64. Nxf5 Bf6+ 65.
Kc2 Rd5 66. e4 Rxb5 67. Rf7 Be5 68. Kd3 Rc5 69. Rf8+ Kd7 70. Rf7+ Kc6 71. Ne7+
Kb5 72. Nd5 1-0

[Event "Titled Tue 10th Jun Early"]
[Site "chess.com INT"]
[Date "2025.06.10"]
[Round "11"]
[White "Daspres, Loic"]
[Black "Sahetchian, Armand"]
[Result "0-1"]
[WhiteTitle "CM"]
[BlackTitle "CM"]
[WhiteElo "2207"]
[BlackElo "2024"]
[WhiteFideId "20612281"]
[BlackFideId "607150"]
[EventDate "2025.06.10"]

1. e4 e6 2. d4 d5 3. Nd2 c5 4. exd5 exd5 5. Ngf3 Nf6 6. Bb5+ Bd7 7. Qe2+ Be7 8.
dxc5 O-O 9. O-O Bxc5 10. Nb3 Be7 11. Bf4 Nc6 12. Rfe1 Re8 13. Bd3 Bb4 14. Qf1
Bxe1 15. Rxe1 Rxe1 16. Qxe1 Qb6 17. Be3 Qc7 18. h3 Re8 19. Qd1 b6 20. c3 Ne5 21.
Bc2 Nxf3+ 22. Qxf3 Ne4 23. Qh5 Qe5 24. Qf3 g6 25. Bf4 Qf5 26. Nd4 Qf6 27. Be3
Qxf3 28. Nxf3 Bf5 29. Bb3 Be6 30. Nd4 Nc5 31. Bc2 Bd7 32. Bd2 f5 33. Kf1 Ne4 34.
Be3 Kf7 35. f3 Nxc3 36. Bd2 Nb5 37. Ne2 Nd6 38. Nf4 Bb5+ 39. Kf2 Bc6 40. Bb3 Nc4
41. Bc3 g5 42. Nd3 Kg6 43. Bxc4 dxc4 44. Ne5+ Rxe5 45. Bxe5 b5 46. Bd4 a5 47. g3
f4 48. g4 Kf7 49. Bc3 b4 50. Bd2 Bd5 51. h4 h6 52. hxg5 hxg5 53. Be1 Ke6 54. a3
c3 55. bxc3 bxa3 56. c4 a2 57. Bc3 Bxc4 58. Ba1 Kd5 59. Bf6 Bd3 60. Ke1 Kc4 61.
Kd2 Bf1 62. Ke1 Bg2 63. Kf2 Bh1 64. Be5 Kb3 65. Ke2 Kc2 66. Bf6 Kb1 67. Bxg5
a1=Q 68. Bxf4 Qb2+ 69. Ke3 Bxf3 70. Kxf3 Qc3+ 71. Ke4 Qc6+ 72. Kf5 a4 73. Be5 a3
74. g5 a2 75. g6 a1=Q 76. Bxa1 Kxa1 77. g7 Qd5+ 78. Kf6 Qg8 79. Kg6 Kb2 0-1

[Event "Titled Tue 10th Jun Early"]
[Site "chess.com INT"]
[Date "2025.06.10"]
[Round "11"]
[White "Matinian, Nikita"]
[Black "Nguyen, Ngoc Truong Son"]
[Result "1/2-1/2"]
[WhiteTitle "GM"]
[BlackTitle "GM"]
[WhiteElo "2421"]
[BlackElo "2600"]
[WhiteFideId "24129100"]
[BlackFideId "12401110"]
[EventDate "2025.06.10"]

1. e4 e5 2. Nf3 Nc6 3. Bb5 Nf6 4. d3 Bc5 5. Bxc6 dxc6 6. O-O Qe7 7. Nbd2 O-O 8.
Nb3 Bd6 9. h3 a5 10. a4 b6 11. Re1 c5 12. Bg5 h6 13. Bh4 g5 14. Bg3 Nh5 15. Nbd2
Nf4 16. Nc4 f6 17. Bxf4 exf4 18. e5 fxe5 19. Nfxe5 Bxe5 20. Nxe5 Qf6 21. Qh5 Bf5
22. Ng4 Bxg4 23. hxg4 Kg7 24. Re4 Qg6 25. Rae1 Qxh5 26. gxh5 Rf7 27. Kh2 Rd8 28.
Kh3 Rdd7 29. Kg4 f3 30. g3 Rd6 31. R1e3 Rdf6 32. Re6 Rd7 33. Rxf6 Kxf6 34. Rxf3+
Ke5 35. Re3+ Kf6 36. Re4 Rd8 37. f4 gxf4 38. Kxf4 Rf8 39. g4 Rd8 40. b3 Rf8 41.
Re5 Rd8 42. Rf5+ Ke6 43. Kf3 c6 44. Ke3 Rg8 45. Rf4 b5 46. Kf3 Rd8 47. Rf5 c4
48. dxc4 bxc4 49. bxc4 Rd4 50. Rf4 Rd2 51. Re4+ Kf6 52. Ke3 Rxc2 53. Kd4 Ra2 54.
Kc5 Rxa4 55. Kxc6 Rb4 56. Kc5 Rb8 57. Re1 Kg5 58. Rg1 a4 59. Ra1 Ra8 60. Kb6
Kxg4 61. c5 Kxh5 62. c6 Kg5 63. c7 h5 64. Rxa4 Rh8 65. Rd4 Rc8 66. Kb7 Rxc7+ 67.
Kxc7 h4 68. Kd6 h3 69. Ke5 h2 70. Rd1 Kg4 71. Ke4 Kg3 72. Ke3 Kg2 73. Rd2+ Kg3
74. Rd1 Kg2 75. Rd2+ Kg3 76. Rxh2 Kxh2 1/2-1/2

[Event "Titled Tue 10th Jun Early"]
[Site "chess.com INT"]
[Date "2025.06.10"]
[Round "11"]
[White "Zhauynbay, Alimzhan"]
[Black "Liu, Xiangyi"]
[Result "0-1"]
[WhiteTitle "CM"]
[BlackTitle "IM"]
[WhiteElo "2133"]
[BlackElo "2370"]
[WhiteFideId "13782657"]
[BlackFideId "8605718"]
[EventDate "2025.06.10"]

1. e4 c5 2. Nf3 d6 3. d4 cxd4 4. Nxd4 Nf6 5. Nc3 a6 6. Be3 e5 7. Nb3 Be6 8. f3
h5 9. Qd2 Nbd7 10. Nd5 Bxd5 11. exd5 g6 12. O-O-O Bg7 13. Kb1 Rc8 14. h4 Qc7 15.
Be2 O-O 16. c4 b6 17. g4 e4 18. gxh5 Nxh5 19. Rhg1 Ne5 20. f4 Nxc4 21. Bxc4 Qxc4
22. f5 a5 23. fxg6 a4 24. gxf7+ Rxf7 25. Nd4 Qxd5 26. Rg5 Qc4 27. Rxh5 Rf1 28.
Rg5 a3 29. b3 Rxd1+ 30. Qxd1 Qc3 31. Qd2 Kh7 32. Rh5+ Kg8 33. Qe2 d5 34. Rg5 Rf8
35. Rxg7+ Kxg7 36. Ne6+ Kf7 37. Nxf8 Kxf8 38. Qf2+ Ke8 39. Qd2 Qc6 40. Qd4 Qb5
41. Qe5+ Kd7 42. Qf5+ Kc7 43. Bf4+ Kb7 44. Qf7+ Ka6 45. Kc1 Qf1+ 46. Kd2 Qd3+
47. Ke1 Qb1+ 48. Ke2 Qxa2+ 49. Bd2 Qxb3 50. Qe8 Qd3+ 51. Ke1 Qb1+ 52. Ke2 Qd3+
53. Ke1 Qg3+ 54. Kd1 Qb3+ 55. Ke2 a2 56. Qa8+ Kb5 57. h5 Qd3+ 58. Kd1 Qb1+ 59.
Ke2 a1=Q 60. Qxd5+ Ka4 61. Qc4+ Ka3 62. Qa6+ Kb2 63. Qb5+ Kc2 64. Qc4+ Kb2 65.
Qb4+ Ka2 66. Qa4+ Kb2 67. Qb4+ Ka2 68. Qa4+ Kb2 69. Qb5+ Ka3 70. Qa6+ Kb3 71.
Qxb6+ Kc4 72. Qc6+ Kd4 0-1

[Event "Titled Tue 10th Jun Early"]
[Site "chess.com INT"]
[Date "2025.06.10"]
[Round "11"]
[White "Manukian, Artak"]
[Black "Fomevor, Cephas Clinton"]
[Result "1/2-1/2"]
[BlackTitle "CM"]
[WhiteElo "2104"]
[BlackElo "1883"]
[WhiteFideId "13301373"]
[BlackFideId "12601330"]
[EventDate "2025.06.10"]

1. e4 c5 2. Nf3 Nc6 3. c3 Nf6 4. e5 Nd5 5. d4 cxd4 6. cxd4 d6 7. Nc3 dxe5 8.
dxe5 Nxc3 9. Qxd8+ Nxd8 10. bxc3 a6 11. Nd4 e6 12. f4 Be7 13. a4 O-O 14. Ba3
Bxa3 15. Rxa3 b6 16. Rb3 Rb8 17. Bd3 f6 18. O-O fxe5 19. fxe5 Rxf1+ 20. Kxf1 Kf7
21. h4 h6 22. g4 Ke7 23. Ke2 Kd7 24. Be4 Nf7 25. Nf3 b5 26. Bg6 Nd8 27. Nd4 Nc6
28. axb5 Nxe5 29. Bd3 axb5 30. Rxb5 Rxb5 31. Bxb5+ Kd6 32. g5 Bb7 33. gxh6 gxh6
34. Be8 Be4 35. Ke3 Bd5 36. Kf4 Nd3+ 37. Kg4 Kc5 38. Kh5 Kc4 39. Bf7 Nf4+ 40.
Kxh6 Kxc3 41. Nb5+ Kc4 42. Nc7 Kd4 43. Kg5 Ke5 44. h5 Nxh5 45. Bxh5 Kd6 46. Nb5+
Kc5 47. Nc3 e5 48. Kf5 Kd4 49. Nb5+ Kc5 50. Na3 e4 51. Kf4 Kd4 52. Nc2+ Kd3 53.
Ne3 Bc6 54. Bg6 Bb7 55. Bf5 Kd4 56. Ng2 Kd3 57. Ne3 Kd4 58. Be6 Kd3 59. Bc4+ Kd4
60. Be2 Kc3 61. Kg3 Kd2 62. Kf2 Kc3 63. Bb5 Kd2 64. Bd7 Kc3 65. Bf5 Kd4 66. Ke2
Ba6+ 67. Kd2 Bd3 68. Bg6 Ke5 69. Kc3 Kf4 70. Kd4 Kf3 71. Bf7 Kf2 72. Bd5 Ke2 73.
Be6 Kf2 74. Bg4 Kg3 75. Bd1 Kf2 76. Nd5 Be2 77. Bc2 Bf3 78. Ne3 Ke2 79. Bd1+ Kf2
80. Bb3 Ke2 81. Bc4+ Kd2 82. Nf5 Ke1 83. Ke3 Kd1 84. Nd4 Kc1 85. Nb3+ Kc2 86.
Na5 Kc3 87. Bd5 Kb4 88. Nc6+ Kc5 89. Ne7 Kd6 90. Bxe4 Bxe4 1/2-1/2

[Event "Titled Tue 10th Jun Early"]
[Site "chess.com INT"]
[Date "2025.06.10"]
[Round "11"]
[White "Goncharov, Vladimir"]
[Black "Sadubayev, Airat"]
[Result "0-1"]
[BlackTitle "FM"]
[WhiteElo "2077"]
[BlackElo "2211"]
[WhiteFideId "34162256"]
[BlackFideId "13713264"]
[EventDate "2025.06.10"]

1. d4 d5 2. c4 e6 3. Nf3 Nf6 4. g3 Be7 5. Bg2 O-O 6. O-O dxc4 7. Ne5 c5 8. dxc5
Qc7 9. Nxc4 Rd8 10. Qc2 Nc6 11. Nc3 Nd4 12. Qb1 Qxc5 13. Nd2 e5 14. Nde4 Nxe4
15. Bxe4 h6 16. Be3 Rb8 17. Re1 Be6 18. a4 b6 19. Nb5 a6 20. Nxd4 exd4 21. Bd2
Qh5 22. Qd3 a5 23. Rac1 Rbc8 24. Bf3 Qf5 25. Qxf5 Bxf5 26. Bc6 Bc5 27. Bb5 Be6
28. f3 d3+ 29. e3 Bb3 30. Kf2 Bc2 31. Ra1 Bb4 32. Bxb4 axb4 33. e4 d2 34. Red1
Bxd1 35. Rxd1 Rc1 36. Ke2 Rxd1 37. Kxd1 Rd4 38. Bc6 Kf8 39. Bd5 f5 40. Bc6 fxe4
41. Bxe4 Ke7 42. Bc2 g5 43. Bf5 Kd6 44. Bg6 Ke5 45. Bc2 h5 46. Ke2 h4 47. Kd1
Rd6 48. Ke2 hxg3 49. hxg3 Rd4 50. Bd1 Kd6 51. Bb3 Kc5 52. Bd1 Kc4 53. Ke3 b3 54.
f4 gxf4+ 55. gxf4 Rd6 56. f5 Rd3+ 57. Ke4 Rd4+ 58. Ke3 Rd3+ 59. Ke4 Rg3 60. f6
Rg1 61. f7 Re1+ 62. Kf3 Rf1+ 63. Ke2 Rxf7 64. Kxd2 Kb4 65. Kd3 Rd7+ 66. Ke2 Kxa4
67. Ke1 Kb4 68. Be2 Rd6 69. Bf1 Rd4 70. Be2 Rd8 71. Bf1 Ra8 72. Kd2 Ra2 73. Bd3
Rxb2+ 74. Kc1 Kc3 75. Bg6 Rf2 76. Kd1 b2 77. Ke1 Rg2 78. Bh7 Rg1+ 79. Kf2 b1=Q
80. Bxb1 Rxb1 0-1

[Event "Titled Tue 10th Jun Early"]
[Site "chess.com INT"]
[Date "2025.06.10"]
[Round "11"]
[White "Naroditsky, Daniel"]
[Black "Lazavik, Denis"]
[Result "1/2-1/2"]
[WhiteTitle "GM"]
[BlackTitle "GM"]
[WhiteElo "2619"]
[BlackElo "2580"]
[WhiteFideId "2026961"]
[BlackFideId "13515110"]
[EventDate "2025.06.10"]

1. e4 c5 2. Nf3 Nc6 3. c3 Nf6 4. e5 Nd5 5. Bc4 Nb6 6. Bb3 d5 7. exd6 c4 8. Bc2
Qxd6 9. O-O g6 10. Na3 Bg7 11. b3 cxb3 12. axb3 O-O 13. Nc4 Nxc4 14. bxc4 Qc7
15. d4 Na5 16. c5 b6 17. Be4 Bb7 18. Bxb7 Nxb7 19. cxb6 axb6 20. Rxa8 Rxa8 21.
Qb3 Na5 22. Qc2 Rc8 23. Bd2 Nc4 24. Bg5 h6 25. Bh4 e6 26. h3 Qd7 27. Ra1 b5 28.
Qb3 Nb6 29. Ne5 Qd5 30. Qb4 Bxe5 31. dxe5 Qxe5 32. Rd1 Nd5 33. Qxb5 Qxc3 34. Bg3
Qc6 35. Qb2 Qc2 36. Qa1 Nc3 37. Re1 Ne2+ 38. Kh2 Nxg3 39. Kxg3 Rd8 40. Rf1 Qc7+
41. f4 Rd5 42. Kh2 g5 43. Qf6 Kh7 44. g3 Qc2+ 45. Kg1 Qc5+ 46. Kh1 Rf5 47. Qb2
gxf4 48. g4 Rd5 49. Qb1+ Kg7 50. Rxf4 Qe3 51. Qf1 Rd7 52. Rf3 Qe4 53. Kg1 Qd4+
54. Kg2 Qb2+ 55. Kg3 Qe5+ 56. Kh4 Qg5+ 57. Kg3 h5 58. Qa1+ Kg8 59. Qa8+ Rd8 60.
Qb7 h4+ 61. Kg2 Rd2+ 62. Kh1 Rd1+ 63. Kg2 Qd2+ 64. Rf2 Qd5+ 65. Qxd5 Rxd5 66.
Kf3 Kg7 67. Ke4 Kg6 68. Rc2 Ra5 69. Rc3 Ra2 70. Kf4 Rf2+ 71. Ke3 Rg2 72. Kf4 f6
73. Rc8 e5+ 74. Ke4 Rg3 75. Rg8+ Kf7 76. Rh8 Rxh3 77. Rh6 Kg7 78. Rh5 Kg6 79.
Rh8 Rh1 80. Kf3 h3 81. Kg3 e4 82. Re8 Re1 83. Kxh3 Kg5 84. Rg8+ Kf4 85. Rf8 Re3+
86. Kh4 Ke5 87. Re8+ Kd4 88. Rd8+ Kc3 89. Re8 Kd3 90. Rd8+ Ke2 91. Re8 Kd3 92.
Rd8+ Kc2 93. Re8 Re1 94. Kg3 Kd3 95. Rd8+ Ke2 96. Ra8 Rd1 97. Kf4 e3 98. Ra3
Rd4+ 99. Kg3 Rd3 100. Ra1 Kd2 101. Kf3 e2+ 102. Kf2 Rd4 103. Ra2+ Kd3 104. Ra3+
Ke4 105. Kxe2 Kf4 106. Rf3+ Kxg4 107. Rxf6 Rf4 108. Rxf4+ Kxf4 1/2-1/2

[Event "Titled Tue 10th Jun Early"]
[Site "chess.com INT"]
[Date "2025.06.10"]
[Round "11"]
[White "Birkisson, Bardur Orn"]
[Black "Le, Minh Tu"]
[Result "1/2-1/2"]
[WhiteTitle "FM"]
[BlackTitle "FM"]
[WhiteElo "2280"]
[BlackElo "1932"]
[WhiteFideId "2310597"]
[BlackFideId "12404888"]
[EventDate "2025.06.10"]

1. d4 d5 2. Nf3 c5 3. c3 cxd4 4. cxd4 Nc6 5. Nc3 Nf6 6. Bf4 a6 7. e3 Bf5 8. Be2
e6 9. Qb3 Na5 10. Qa4+ b5 11. Nxb5 axb5 12. Bxb5+ Nd7 13. Ne5 Nc6 14. Nxc6 Rxa4
15. Nxd8 Bb4+ 16. Ke2 Ra5 17. Bxd7+ Kxd7 18. Nxf7 Rha8 19. Ne5+ Ke8 20. Nc6 Rxa2
21. Rxa2 Rxa2 22. Nxb4 Rxb2+ 23. Kf3 Rxb4 24. Rc1 h5 25. Rc8+ Kf7 26. h3 h4 27.
Be5 Rb2 28. Rc7+ Ke8 29. Rxg7 Be4+ 30. Kf4 Rxf2+ 31. Kg5 Rxg2+ 32. Kxh4 Rf2 33.
Kg5 Rf5+ 34. Kg4 Rf1 35. Ra7 Rg1+ 36. Bg3 Bf5+ 37. Kf4 Rf1+ 38. Ke5 Rf3 39. Bf4
Rxh3 40. Kd6 Rh1 41. Re7+ Kf8 42. Rxe6 Bxe6 43. Kxe6 Rh5 44. Be5 Rh3 45. Bf4 Rh5
46. Kf6 Ke8 47. Kg6 Rh3 48. Kf5 Kd7 49. Ke5 Kc6 50. Ke6 Rh1 51. Ke5 Rh5+ 52. Ke6
Kb5 53. Kd6 Kc4 54. Ke6 Kd3 55. Kd6 Ke4 56. Kc5 Rf5 57. Bh6 Rf3 58. Bg5 Rf8 59.
Bh6 Rc8+ 60. Kb4 Rc4+ 61. Kb5 Kd3 62. Bf4 Rc8 63. Kb4 Ke4 64. Bg5 Rg8 65. Bf4
Rf8 66. Kc5 Rc8+ 67. Kd6 Rc3 68. Bh6 Ra3 69. Bg5 Rb3 70. Kc5 Rb7 71. Bh6 Rh7 72.
Bg5 Rh3 73. Bf4 Rf3 74. Bg5 Rf1 75. Bh6 Rc1+ 76. Kb4 Rc6 77. Bg5 Kd3 78. Bf4 Rc8
79. Kb3 Rc6 80. Kb4 Rf6 81. Bg5 Rf5 82. Bh6 Rf6 83. Bg5 Rf5 84. Bh6 Ke4 85. Kc5
Rh5 86. Bf4 Rh7 87. Kd6 Ra7 88. Ke6 Ra6+ 89. Kd7 Kf5 90. Kc7 Rg6 91. Bd6 Ke6 92.
Kc6 Rg7 93. Kc5 1/2-1/2

[Event "Titled Tue 10th Jun Early"]
[Site "chess.com INT"]
[Date "2025.06.10"]
[Round "11"]
[White "Tsydypov, Zhamsaran"]
[Black "Samunenkov, Ihor"]
[Result "1-0"]
[WhiteTitle "GM"]
[BlackTitle "GM"]
[WhiteElo "2514"]
[BlackElo "2562"]
[WhiteFideId "4108566"]
[BlackFideId "14187086"]
[EventDate "2025.06.10"]

1. e4 c6 2. d4 d5 3. e5 Bf5 4. Nf3 e6 5. Nbd2 c5 6. dxc5 Bxc5 7. Nb3 Bb6 8. c3
Nc6 9. Bf4 Nge7 10. Bd3 h6 11. h3 Rc8 12. O-O O-O 13. Re1 a6 14. Bxf5 Nxf5 15.
Qd3 Ba7 16. Rad1 Qb6 17. Re2 Qb5 18. Qxb5 axb5 19. a3 g5 20. Bc1 Rfd8 21. Kh2
Kg7 22. g4 Nfe7 23. Be3 Bb8 24. Kh1 Ng6 25. Nbd4 Ngxe5 26. Nxe5 Nxe5 27. Nxe6+
fxe6 28. Bd4 Rc4 29. Bxe5+ Bxe5 30. Rxe5 Kf6 31. Rde1 Rd6 32. Kg2 Rf4 33. R1e2
Ra6 34. Kg3 Rc6 35. h4 Ra4 36. hxg5+ hxg5 37. f3 Ra8 38. f4 gxf4+ 39. Kxf4 Ra4+
40. Kf3 Kf7 41. Rh5 Kg6 42. Reh2 Rcc4 43. Rh6+ Kf7 44. Rh7+ Kf6 45. R2h6+ Ke5
46. Rg6 Rf4+ 47. Kg3 Rae4 48. Rxb7 Rf1 49. Rb6 Rg1+ 50. Kf2 Rgxg4 51. Rgxe6+ Kf4
52. Rf6+ Kg5 53. Rg6+ Kf5 54. Rxg4 Rxg4 55. Rxb5 Ke5 56. Rb4 Rg8 57. a4 Ra8 58.
Ke3 Ra7 59. Kd3 Ra8 60. Rh4 Kd6 61. b3 Kc5 62. Rh5 Rg8 63. b4+ Kd6 64. Kc2 Rg2+
65. Kb3 Rg1 66. a5 Kc6 67. Rh6+ Kb7 68. Ka4 Rc1 69. Rh3 Kc6 70. Rg3 Ra1+ 71. Kb3
Kb5 72. Rd3 Kc6 73. Rd4 Rb1+ 74. Ka2 Rh1 75. Kb2 Rh3 76. Kb3 Rh1 77. Rd2 Rb1+
78. Rb2 Rh1 79. Rd2 Rb1+ 80. Kc2 Rh1 81. Re2 Kb5 82. Kd3 Rh4 83. Re3 Kc6 84. Rf3
Kd6 85. Rf6+ Kc7 86. b5 Ra4 87. a6 Ra5 88. Rc6+ Kd7 89. Rc5 Kd6 90. Kd4 Ra4+ 91.
c4 dxc4 92. Rxc4 Ra1 93. Rc6+ Kd7 94. Kc5 Rb1 95. Kb6 Ra1 96. a7 Ra2 97. Kb7 Rb2
98. b6 Ra2 99. Rc7+ Kd6 100. a8=Q 1-0

[Event "Titled Tue 10th Jun Early"]
[Site "chess.com INT"]
[Date "2025.06.10"]
[Round "11"]
[White "Salinas Herrera, Pablo"]
[Black "Rahman, Masruri"]
[Result "0-1"]
[WhiteTitle "GM"]
[BlackTitle "FM"]
[WhiteElo "2447"]
[BlackElo "2407"]
[WhiteFideId "3407128"]
[BlackFideId "7101163"]
[EventDate "2025.06.10"]

1. d4 Nf6 2. Nf3 e6 3. Bf4 b6 4. e3 Bb7 5. Nbd2 Be7 6. Bd3 O-O 7. O-O d6 8. h3
Nbd7 9. Bh2 Re8 10. e4 g6 11. Re1 Bf8 12. a4 a5 13. c3 e5 14. d5 Nc5 15. Bc2 Ba6
16. Nf1 b5 17. axb5 Bxb5 18. b3 Bxf1 19. Kxf1 Qb8 20. Kg1 Qb5 21. Nd2 Bh6 22.
Nc4 Reb8 23. Qf3 Nfd7 24. Reb1 Nb6 25. Na3 Qe8 26. Qe2 c6 27. dxc6 Qxc6 28. Kh1
Ne6 29. Nb5 Nf4 30. Bxf4 Bxf4 31. Bd3 Rd8 32. c4 Nd7 33. Nc3 Bh6 34. Nd5 Bf8 35.
Bc2 Nc5 36. Qd2 Nb7 37. Bd1 Rdb8 38. Bc2 Kh8 39. Ra3 Bg7 40. Rba1 Qc5 41. Qe2
Rc8 42. Bd3 Qd4 43. b4 a4 44. Kh2 Nd8 45. R1a2 Ne6 46. Rxa4 Rxa4 47. Rxa4 Nf4
48. Nxf4 exf4 49. Qf3 Be5 50. Ra6 Qb2 51. b5 Bd4 52. Kg1 Be5 53. Be2 Qc1+ 54.
Kh2 Qe1 55. Ra2 Qb1 56. Ra7 Kg8 57. Qd3 f3+ 58. g3 Qxd3 59. Bxd3 Bd4 60. Ra2 h5
61. h4 f6 62. Kh3 g5 63. g4 hxg4+ 64. Kxg4 gxh4 65. Kxh4 Kf7 66. Kg4 Ke6 67.
Kxf3 Rh8 68. Bf1 Rh2 69. Bg2 Be5 70. Rc2 Rh4 71. Ke3 Bf4+ 72. Kf3 Be5 73. c5
dxc5 74. Rxc5 Rf4+ 75. Ke3 Rh4 76. Rc6+ Kd7 77. Ra6 Kc7 78. Re6 Kb7 79. Bf3 Bf4+
80. Ke2 Be5 81. Rc6 Rh2 82. Rc2 Bd4 83. Kf1 Kb6 84. Rd2 Bc5 85. Rb2 Rh4 86. Kg2
Bd4 87. Rb4 Bc5 88. Rb3 Rh7 89. Bg4 Rg7 90. f3 Rc7 91. Kh3 Ra7 92. Bd7 Rxd7 93.
Rb1 Rd3 94. Kg4 Bd4 95. f4 Re3 96. Kf5 Rf3 97. Kg4 Rf2 98. Rb3 Bc5 99. Rb1 Bd6
100. e5 fxe5 101. fxe5 Bxe5 102. Re1 Bd4 103. Rd1 Bc5 104. Rb1 Rf6 105. Kg5 Rd6
106. Kf5 Rd4 107. Ke5 Rh4 108. Kf5 Bb4 109. Kg5 Rc4 110. Kf5 Kxb5 111. Rd1 Kc5
112. Ke5 Bc3+ 113. Kf5 Ra4 114. Rd8 Kc4 115. Rc8+ Kd3 116. Rd8+ Bd4 117. Rd7 Ra6
118. Rd8 Rf6+ 119. Kg4 Rf1 120. Rd7 Ke4 121. Re7+ Be5 122. Kh5 Rg1 123. Re8 Kf5 0-1

[Event "Titled Tue 10th Jun Early"]
[Site "chess.com INT"]
[Date "2025.06.10"]
[Round "11"]
[White "Kawka, Milena"]
[Black "Caku, Kler"]
[Result "1/2-1/2"]
[WhiteTitle "WCM"]
[BlackTitle "WFM"]
[WhiteElo "2003"]
[BlackElo "2010"]
[WhiteFideId "21095167"]
[BlackFideId "4704703"]
[EventDate "2025.06.10"]

1. Nf3 d5 2. e3 Nf6 3. d4 e6 4. Bd3 c5 5. b3 Nc6 6. Bb2 cxd4 7. exd4 Nb4 8. Be2
Qc7 9. c3 Nc6 10. Nbd2 Bd6 11. h3 a5 12. a4 O-O 13. O-O Ne4 14. Nxe4 dxe4 15.
Nd2 f5 16. Nc4 Bh2+ 17. Kh1 Bf4 18. Bc1 Bxc1 19. Rxc1 f4 20. Bg4 Qf7 21. Nd6 Qg6
22. Qe2 e5 23. Bxc8 f3 24. Qc4+ Kh8 25. Bg4 Qxd6 26. dxe5 Nxe5 27. Qxe4 Rae8 28.
Rcd1 Qh6 29. gxf3 Nxf3 30. Qd5 Ne5 31. Kg1 Ng6 32. Rfe1 Nf4 33. Rxe8 Rxe8 34.
Qe4 Rf8 35. Qf3 Qf6 36. Re1 Qg5 37. Qg3 Ng6 38. Be2 Qf6 39. Bf1 Nf4 40. Bg2 Ng6
41. Re3 Nh4 42. Re2 Nf5 43. Qf3 Qg6 44. Re4 Qf6 45. Rf4 g6 46. h4 Re8 47. Bh3
Re1+ 48. Kh2 Qe5 49. Bxf5 gxf5 50. Kg2 Qg7+ 51. Qg3 Qxg3+ 52. fxg3 Re2+ 53. Kf3
Rc2 54. Rxf5 Rxc3+ 55. Kg4 Rxb3 56. Rxa5 Rb4+ 57. Kh5 Kg7 58. Ra7 h6 59. a5 Rb5+
60. Kg4 Kg6 61. Kh3 h5 62. a6 bxa6 63. Rxa6+ Kg7 64. Re6 Rb1 65. Re5 Kg6 66.
Rg5+ Kh6 67. Ra5 Rh1+ 68. Kg2 Rb1 69. Ra6+ Kh7 70. Kf3 Rb4 71. Re6 Kg7 72. Re5
Kg6 73. Rc5 Kg7 74. Rg5+ Kh6 75. Ra5 Rb3+ 76. Kg2 Rb4 77. Kh3 Rb3 78. Rg5 Rb4
79. Rg8 Rb1 80. Rd8 Kg6 81. Rd6+ Kg7 82. Kg2 Rb3 83. Kf2 Ra3 84. Re6 Kh7 85. Re3
Ra2+ 86. Kf3 Ra4 87. Re4 Ra3+ 88. Kf4 Kg6 89. Re6+ Kf7 90. Re4 Kg6 91. Re6+ Kf7
92. Re3 Ra4+ 93. Kf3 Ra5 94. Re4 Kg6 95. Kf4 Rf5+ 96. Ke3 Ra5 97. Rd4 Rb5 98.
Rd6+ Kg7 99. Kf4 Ra5 100. Rd4 Kg6 101. Re4 Rb5 102. Ra4 Rb6 103. Ra5 Rc6 104.
Ra4 Rb6 105. Re4 Kh6 106. Kf5 Rb3 107. Kf4 Kg6 108. g4 hxg4 109. Kxg4 Rb1 110.
Rf4 Rg1+ 111. Kh3 Rh1+ 112. Kg3 Rg1+ 113. Kh2 Rb1 114. Rg4+ Kh5 115. Rc4 Rb2+
116. Kg3 Rb3+ 117. Kf2 Rb2+ 118. Kg3 Rb3+ 119. Kg2 Rb2+ 120. Kg1 Rb3 121. Kg2
Rb2+ 122. Kf3 Rb3+ 123. Ke4 Kxh4 124. Kd5+ Kg5 125. Kc5 Kf5 126. Rb4 Rxb4 127.
Kxb4 1/2-1/2